000 00351 a2200133 4500
000 nam a22 7a 4500
100 _ageorge Ross Ihaka
110 _ageorge Ross Ihaka
245 _aUnderstanding And Applying Basic Statistical Methods Using R
250 _a2026
260 _bradiant pages
_c2026
264 _bradiant pages
_c2026
942 _cBK
999 _c394872
_d394872